000 00965 a2200253 4500
003 NUST
005 20221230144607.0
010 _a 2010017177
020 _a0470741864 (pbk.)
020 _a0470741872 (cloth)
020 _a9780470741863 (pbk.)
020 _a9780470741870 (cloth)
035 _a(OCoLC)ocn613645390
040 _cNust
082 0 0 _a621.38456,MOL
100 1 _aMolisch, Andreas F.
_957983
245 1 0 _aWireless communications /
_cAndreas F. Molisch.
250 _a2nd ed.
260 _aChichester, West Sussex, U.K. :
_bWiley :
_bIEEE,
_c2011.
300 _alvi, 827 p. :
_bill. ;
_c26 cm.
505 _aPart-1: Introduction (Page-1), Part-2: Wireless propagation channels (Page-45), Part-3: Transceivers and signal processing (Page-179), Part-4: Multiple access and advanced transceiver schemes (Page-363), Part-5: Standardized wireless systems (Page-499).
650 0 _aTelecommunication engineering
942 _2ddc
_cBK
_k621.38456,MOL
999 _c189275
_d189275